Techniques in parasitology ; first symposium of the British Society for Parasitology /

Parasitology

Bibliographic Details
Corporate Authors: Application of New Techniques to Parasitology London, British Society for Parasitology
Other Authors: Taylor, Angela E. R.
Format: Conference Proceeding Book
Language:English
Published: Philadelphia : F. A. Davis, [1963]
Series:Symposia of the British Society for Parasitology ; v. 1.

MARC

Tag First Indicator Second Indicator Subfields
LEADER 00000cam a2200000 4500
001 in00004472004
005 20191202143056.0
008 750416s1963 paua b 10000 eng d
010 |a  63005448  
035 |a (OCoLC)01282233 
035 |9 AAD8608MS 
035 |z (UtOrBLW)11748 
035 |a 21600 
040 |c NED  |d TXA  |d UtOrBLW 
049 |a TXAH  |c [476457] 
050 0 |a QH547  |b .A65 1962 
059 |l MS/BOOK STKS  |t BOOK  |k CIRCULATING  |i 3238900153663  |j 476457  |n NL  |a QH 547  |b A65 1962 
060 4 |a QX 25  |b T255 1962 
111 2 |a Application of New Techniques to Parasitology  |d (1962 :  |c London) 
245 1 0 |a Techniques in parasitology ;  |b first symposium of the British Society for Parasitology /  |c Edited by Angela E. R. Taylor. 
264 1 |a Philadelphia :  |b F. A. Davis,  |c [1963] 
300 |a viii, 107 pages :  |b illustrations ;  |c 19 cm. 
336 |a text  |2 rdacontent  |b txt 
337 |a unmediated  |2 rdamedia 
338 |a volume  |2 rdacarrier  |b nc 
490 1 |a British Society for Parasitology. Symposia,  |v 1 
504 |a Includes bibliographies. 
520 8 |a Parasitology 
700 1 |a Taylor, Angela E. R. 
710 2 |a British Society for Parasitology. 
830 0 |a Symposia of the British Society for Parasitology ;  |v v. 1. 
940 |a RCP 
999 |a MARS 
999 f f |s b6defe9c-6965-3e58-93d5-806e5df77bd5  |i 2aa6471d-be48-3093-891f-def8221136ea  |t 0 
952 f f |p ric  |a Texas A&M University  |b Rellis Campus  |c Joint Library Facility  |d Remote Storage  |t 0  |e QX 25 T255 1962  |h National Library of Medicine classification  |i unmediated -- volume  |m 3238900153663 
998 f f |a QX 25 T255 1962  |t 0  |l Remote Storage